Normal view
MARC view
Entry Personal Name
001 - CONTROL NUMBER
- control field: 14739
003 - CONTROL NUMBER IDENTIFIER
- control field: OSt
005 - DATE AND TIME OF LATEST TRANSACTION
- control field: 20250307005028.0
008 - FIXED-LENGTH DATA ELEMENTS
- fixed length control field: 250307|| aca||aabn | a|a d
040 ## - CATALOGING SOURCE
- Original cataloging agency: OSt
- Transcribing agency: OSt
100 ## - HEADING--PERSONAL NAME
- Personal name: Cabaruan, Kenneth M., author
670 ## - SOURCE DATA FOUND
- Source citation: Work cat.: (OSt): Cabaruan, Kenneth M., author., The Employability of the Graduates of the Diploma Technology (DT) Major in Automotive Technology and Electronics Technology of the Cavite State University - Rosario Campus (CvSU-R) S.Y. 2002-2003 TO S.Y. 2006-2007, 2010
